000 01081cam a2200289 a 4500
001 633367
003 OSt
005 20110916162447.0
008 930224s1993 ne b 001 0 eng
010 _a 93007248
020 _a9004098453 (cloth)
040 _aDLC
_cDLC
_dDLC
050 0 0 _aPJ6696
_b.V47 1993
082 0 0 _a492/.75
_220
100 1 _aVersteegh, C. H. M.
_910216
245 1 0 _aArabic grammar and Qur'anic exegesis in early Islam /
_cby C.H.M. Versteegh.
260 _aLeiden ;
_aNew York :
_bE.J. Brill,
_c1993.
300 _axi, 230 p. ;
_c25 cm.
440 0 _aStudies in Semitic languages and linguistics,
_x0081-8461 ;
_v19
_910217
504 _aIncludes bibliographical references (p. [207]-216) and indexes.
630 0 0 _aKoran
_xLanguage, style.
_910218
630 0 0 _aKoran
_xCommentaries
_xHistory and criticism.
_97305
650 0 _aArabic language
_xGrammar
_xHistory.
_910219
906 _a7
_bcbc
_corignew
_d1
_eocip
_f19
_gy-gencatlg
942 _2lcc
_cBK
999 _c52684
_d52658